| 000 | 00377nam a2200145Ia 4500 | ||
|---|---|---|---|
| 008 | 150201s2005 xx 000 0 und d | ||
| 082 |
_a617.643 _bC2005P |
||
| 100 | _aPATTI, MAHESH | ||
| 245 | _aCLINICAL SUCCESS IN EARLY ORTHO TREATMENT | ||
| 250 | _a1ST | ||
| 260 |
_bQUINTESSENCE PUBLICATION _aCHICAGO _c2005 |
||
| 300 | _a1-124 | ||
| 650 | _aORTHODONTICS | ||
| 942 |
_2ddc _cBK |
||
| 999 |
_c4469 _d4469 |
||